000 00969nam a2200277 i 4500
003 EG-GICUC
005 20260428132539.0
008 260428s1909 ua |fr|||| 000 0 fre d
040 _aEG-GiCUC
_bfre
_cEG-GiCUC
_dEG-GiCUC
_eRda
041 0 _afre
082 0 4 _221
_a343.12231
_bNA . D
092 0 4 _221
099 _aLaw1 10 343.12231 NA . D 1989
100 0 _a Naguib Hosni
_eAuteur
245 1 0 _aDroit Penal Et Techniques Bio-medicales Modernes /
_cPar Naguib Hosni Professeur De Droit Criminel Ancien Président De L'université Du Caire.
264 1 _a{Éditeur non spécifié}
_b{Lieu de publication non précisé}
_c1989 .
300 _a37 page,
_c 26 cm.
336 _2rda contenu
_a texte
337 _2rda medias
_aOrdinateur
338 _2 transporteur rda
_a Ressource en ligne
546 _aTexte en français
650 1 4 _aDroit pénal
856 4 0 _uhttps://fll.law.cu.edu.eg/fulltext/bks/B10-10934.pdf
905 _a48
942 _2ddc
_cBK
_e21
_n0
999 _c73914
_d73914